=LDR 00000nam 2200000 4500 =001 INLIS000000000047977 =005 20160317090237.0 =006 =007 =008 =020 ##$$a 3-570-01755-9 =035 ##$$0010-031600000000090 =040 ##$$a NBPDMAT =082 ##$$a 641.5 =090 ##$$a 641.5 $Han a =100 ##$$a Hans Peter Bleuel =245 ##$$a Antipasti en vogue / Hans Peter Bleuel =260 ##$$a munchen $b Mosaik Verlag $c 1988 =300 ##$$a 96 hlm. : ilus. ; 19 cm =500 ##$$a Indeks hlm : 94 - 96 =650 ##$$a Kuliner =850 ##$$a NBPDMAT =990 ##$$a 31500723 =990 ##$$a 31500723/BPAP-NTB/2016